000 00465nam a2200181Ia 4500
001 13719
003 IN-NITTTR
005 20251114233129.0
008 251113s9999||||xx |||||||||||||| ||eng||
040 _beng
040 _cIN-NITTTR
041 _aeng
082 _a651.3 L52T
100 _aLeffingwell, William H.
245 0 _aTextbook of office management /
_cLeffingwell, William H., Robinson, Edwin M.
700 _a Robinson, Edwin M.
942 _2ddc
_cBK
999 _c16355
_d16355